| 000 | 01216cam a22003377a 4500 | ||
|---|---|---|---|
| 003 | CHAP | ||
| 005 | 20220329140326.0 | ||
| 008 | 971013s1982 r 00010 d | ||
| 010 | _a50414 | ||
| 011 | _a51386 | ||
| 035 | _a55536 | ||
| 040 | _cCHAP | ||
| 090 | _aTesis | ||
| 100 | 0 | 0 |
_aVillatoro Recinas, Rudy Antonio. _9119713 |
| 245 | 0 | _aCompetitividad sexual del macho de la mosca mexicana de la fruta (Anastrepha ludens (Loew) irradiado bajo dos condiciones diferentes de anoxia | |
| 260 |
_a(Monterrey, N.L.) : _bEl autor, _c1982 |
||
| 300 |
_a70 h. _b; gráfs. |
||
| 502 | _aTesis (M.C. Esp. en Parasitología Agrícola) -- ITESM. División de Ciencias Agropecuarias y Marítimas | ||
| 590 |
_aALEPH _b10 _c20130110 _lUCH01 _h1324 |
||
| 590 |
_aBATCH-UPD _b10 _c20130110 _lUCH01 _h0440 |
||
| 590 |
_aBATCH-UPD _b10 _c20130410 _lUCH01 _h0116 |
||
| 590 |
_aBATCH-UPD _b10 _c20130914 _lUCH01 _h0328 |
||
| 590 |
_aCONVERSION _b10 _c20130109 _lUCH01 _h1327 |
||
| 650 | 1 | 4 |
_aAnastrepha ludens. _95487 |
| 650 | 1 | 4 |
_aAnoxia. _96010 |
| 650 | 1 | 4 |
_aControl biológico de plagas. _927587 |
| 650 | 1 | 4 |
_aEsterilidad en insectos. _938291 |
| 901 | _aBK | ||
| 942 | _cTESIS | ||
| 949 |
_bBC _cTES _d-121776 _eTS1 _h19181 _i55536 _si |
||
| 999 |
_c50414 _d50414 |
||